<?xml version="1.0" encoding="UTF-8"?>
<record
    xmlns:xsi="http://www.w3.org/2001/XMLSchema-instance"
    xsi:schemaLocation="http://www.loc.gov/MARC21/slim http://www.loc.gov/standards/marcxml/schema/MARC21slim.xsd"
    xmlns="http://www.loc.gov/MARC21/slim">

  <leader>01585cam a22002655a 4500</leader>
  <controlfield tag="005">20250930142939.0</controlfield>
  <datafield tag="020" ind1=" " ind2=" ">
    <subfield code="a">9781848600348</subfield>
    <subfield code="c">TZS 79,094.32 /=</subfield>
  </datafield>
  <datafield tag="020" ind1=" " ind2=" ">
    <subfield code="a">9781848600348 </subfield>
    <subfield code="c">TZS 79,094.32</subfield>
  </datafield>
  <datafield tag="040" ind1=" " ind2=" ">
    <subfield code="a">Mccl</subfield>
    <subfield code="b">eng.</subfield>
    <subfield code="e">AACR 2nd rev.ed.</subfield>
  </datafield>
  <datafield tag="082" ind1="0" ind2="4">
    <subfield code="a">300.72 SIL</subfield>
  </datafield>
  <datafield tag="100" ind1="1" ind2=" ">
    <subfield code="a">Silverman, David.</subfield>
  </datafield>
  <datafield tag="245" ind1="1" ind2="0">
    <subfield code="a">Doing qualitative research :</subfield>
    <subfield code="b">a practical handbook /</subfield>
    <subfield code="c">David Silverman.</subfield>
  </datafield>
  <datafield tag="250" ind1=" " ind2=" ">
    <subfield code="a">3rd ed.</subfield>
  </datafield>
  <datafield tag="260" ind1=" " ind2=" ">
    <subfield code="a">London :</subfield>
    <subfield code="b">SAGE,</subfield>
    <subfield code="c">c2010.</subfield>
  </datafield>
  <datafield tag="300" ind1=" " ind2=" ">
    <subfield code="a">xiv, 456 p. :</subfield>
    <subfield code="b">ill. ;</subfield>
    <subfield code="c">24 cm.</subfield>
  </datafield>
  <datafield tag="500" ind1=" " ind2=" ">
    <subfield code="a">Previous ed.: 2005.</subfield>
  </datafield>
  <datafield tag="504" ind1=" " ind2=" ">
    <subfield code="a">Includes bibliographical references (p. [440]-452) and indexes.</subfield>
  </datafield>
  <datafield tag="505" ind1="0" ind2=" ">
    <subfield code="a">How to use this book -- What you can (and can't) do with qualitative research -- The research experience I -- The research experience II -- What counts as "originality"? -- Selecting a topic -- Using theories -- Choosing a methodology -- Selecting a case -- Ethical research -- Writing a research proposal -- Collecting your data -- Developing data analysis -- Using computers to analyse qualitative data / Clive Seale -- Quality in qualitative research -- Evaluating qualitative research -- The first few pages -- The literature review chapter -- The methodology chapter -- Writing your data chapters -- The final chapter -- Making good use of your supervisor -- Getting feedback -- Effective qualitative research -- Surviving an oral examination -- Getting published -- Audiences -- Finding a job.</subfield>
  </datafield>
  <datafield tag="546" ind1=" " ind2=" ">
    <subfield code="a">eng.</subfield>
  </datafield>
  <datafield tag="650" ind1=" " ind2="0">
    <subfield code="a">Social sciences</subfield>
  </datafield>
  <datafield tag="650" ind1=" " ind2="0">
    <subfield code="a">Qualitative research.</subfield>
  </datafield>
  <datafield tag="650" ind1=" " ind2="0">
    <subfield code="a">Social sciences</subfield>
  </datafield>
  <datafield tag="700" ind1=" " ind2=" ">
    <subfield code="a">Silverman, D.</subfield>
  </datafield>
  <datafield tag="942" ind1=" " ind2=" ">
    <subfield code="c">BK</subfield>
  </datafield>
  <datafield tag="999" ind1=" " ind2=" ">
    <subfield code="c">11431</subfield>
    <subfield code="d">11431</subfield>
  </datafield>
  <datafield tag="952" ind1=" " ind2=" ">
    <subfield code="0">0</subfield>
    <subfield code="1">0</subfield>
    <subfield code="4">0</subfield>
    <subfield code="7">0</subfield>
    <subfield code="a">MU002</subfield>
    <subfield code="b">MU002</subfield>
    <subfield code="d">2011-02-02</subfield>
    <subfield code="e">Consotium Book</subfield>
    <subfield code="l">0</subfield>
    <subfield code="o">300.72 SIL</subfield>
    <subfield code="p">000284</subfield>
    <subfield code="r">2025-09-30 14:32:32</subfield>
    <subfield code="t">1</subfield>
    <subfield code="w">2025-09-30</subfield>
    <subfield code="y">BK</subfield>
  </datafield>
  <datafield tag="952" ind1=" " ind2=" ">
    <subfield code="0">0</subfield>
    <subfield code="1">0</subfield>
    <subfield code="4">0</subfield>
    <subfield code="7">0</subfield>
    <subfield code="a">MU002</subfield>
    <subfield code="b">MU002</subfield>
    <subfield code="d">2011-02-02</subfield>
    <subfield code="e">Consotium Book</subfield>
    <subfield code="l">0</subfield>
    <subfield code="o">300.72 SIL</subfield>
    <subfield code="p">000283</subfield>
    <subfield code="r">2025-09-30 14:32:32</subfield>
    <subfield code="t">2</subfield>
    <subfield code="w">2025-09-30</subfield>
    <subfield code="y">BK</subfield>
  </datafield>
</record>
